Atlas de roentgenología ortopédica / (Record no. 100884)

MARC details
000 -LEADER
campo de control de longitud fija 00620nam a2200181 i 4500
001 - NÚMERO DE CONTROL
campo de control 100884
003 - IDENTIFICADOR DE NÚMERO DE CONTROL
campo de control ES-MaACL
005 - FECHA Y HORA DE LA ÚLTIMA TRANSACCIÓN
campo de control 20230906182800.0
007 - CAMPO FIJO DE DESCRIPCIÓN FÍSICA--INFORMACIÓN GENERAL
campo de control de longitud fija t|
008 - DATOS DE LONGITUD FIJA--INFORMACIÓN GENERAL
campo de control de longitud fija 051006s1970 sp ||||1| spa d
100 1# - ENTRADA PRINCIPAL--NOMBRE DE PERSONA
Nombre de persona Matzen, Peter-Friedrich.
9 (RLIN) 79172
245 10 - MENCIÓN DEL TÍTULO
Título Atlas de roentgenología ortopédica /
Mención de responsabilidad, etc. por Friedrich-Peter Matzen y Horst Kurt Fleissner; [versión... Gisela Schmidt].
260 ## - PUBLICACIÓN, DISTRIBUCIÓN, ETC.
Lugar de publicación, distribución, etc. Barcelona :
Nombre del editor, distribuidor, etc. Ed. Científico-Médica,
Fecha de publicación, distribución, etc. 1970.
300 ## - DESCRIPCIÓN FÍSICA
Extensión XI, 478 p. :
Otras características físicas il. ;
Dimensiones 29 cm.
700 1# - ENTRADA AGREGADA--NOMBRE PERSONAL
Nombre de persona Fleissner, Horst Kurt.
9 (RLIN) 51161
700 1# - ENTRADA AGREGADA--NOMBRE PERSONAL
Nombre de persona Schmidt, Gisela.
9 (RLIN) 104475
852 ## - LOCALIZACIÓN
Ubicación ES-MaACL
Número de control de estantería C-37481
Sublocalización o colección R.73774
Holdings
Estatus retirado Estado de pérdida Estado de daño No para préstamo Biblioteca de origen Biblioteca actual Ubicación en estantería Fecha de adquisición Fuente de adquisición Total de préstamos Signatura topográfica completa Código de barras Visto por última vez Precio de reemplazo Tipo de ítem Koha
        Biblioteca del Ateneo de Madrid Biblioteca del Ateneo de Madrid Depósito 2 17/01/2008     C-37481 1105333 23/02/2023 23/02/2023 Libro impreso